[Event "Florencia San Pedrino-Caqueta"]
[Site "Florencia"]
[Date "2015.06.18"]
[Round "1.5"]
[White "Rubiano, Nicolas"]
[Black "Pereira Vera, Henry Alberto"]
[Result "0-1"]
[WhiteElo "1570"]
[BlackElo "1941"]
[PlyCount "46"]
[EventDate "2015.06.18"]
[EventType "swiss"]
[EventRounds "7"]
[EventCountry "COL"]
[SourceTitle "EXT 2024"]
[Source "ChessBase"]
[SourceDate "2023.10.10"]
[SourceVersion "1"]
[SourceVersionDate "2023.10.10"]
[SourceQuality "1"]

1. e4 d5 2. e5 Bf5 3. d4 e6 4. Nc3 c5 5. Bb5+ Nc6 6. Be3 cxd4 7. Bxd4 Bb4 8. a3 Ba5 9. Nge2 Nge7 10. 0-0 0-0 11. h3 Nxd4 12. Nxd4 Bxc3 13. bxc3 Qa5 14. Qd2 Rac8 15. Qg5 Rc7 16. Bd3 Bxd3 17. cxd3 h6 18. Qh4 Ng6 19. Qg3 Kh7 20. c4 dxc4 21. dxc4 Qxe5 22. Qd3 Rd8 23. Rfd1 Rcd7 0-1